Mato Grosso : (Record no. 1326)

MARC details
000 -LÍDER
Campo Fixo de Controle 01184nam a2200241 a 4500
001 - NÚMERO DE CONTROLE
Campo de Controle 1326
003 - IDENTIFICAÇÃO DO NÚMERO DE CONTROLE
Campo de Controle BR-CuiBMT
005 - DATA E HORA DA ÚLTIMA ATUALIZAÇÃO
Campo de Controle 20240326181515.0
008 - DADOS FIXOS
Dados Fixos 231205s2003 msba 000 0 por d
040 ## - AGÊNCIA CATALOGADORA
Código da Agência Catalogadora BR-CuiBMT
Agência que transcreveu o registro BR-CuiBMT
080 ## - Nº DA CLASSIFICAÇÃO DECIMAL UNIVERSAL
Nº Class. CDU 328
Subd. Auxiliar Comum (817.2)
Nº edição CDU 2007
090 ## - NÚMERO DE CHAMADA
Nº classificação 328(817.2)
Cutter M433
245 00 - TÍTULO PRINCIPAL
Título principal Mato Grosso :
Subtítulo 139 municípios : prefeitos e vereadores no início do século XXI : 2001 - 2004 /
Indicação de responsabilidade [organizador] Nilson Feitosa ; [fotografia Miguel Palácius].
260 ## - PUBLICAÇÃO, DISTRIBUIÇÃO, ETC.
Local de publicação Campo Grande :
Editora Narçay e Silva,
Data 2003.
300 ## - DESCRIÇÃO FÍSICA
N. páginas ou volumes 192 p. :
Ilustrações il., color. ;
Dimensões 24x32 cm
500 ## - NOTAS GERAIS
Notas gerais Histórico das 139 cidades matogrossenses ; fotos dos 1451 vereadores e 139 prefeitos/vices ; 03 senadores - 08 deputados federais - 24 deputados estaduais secretários de estado - Conselheiros TC - Desembargadores TJ ; Lei de Responsabilidade fiscal e suas finalidades ; números de votos e partido dos eleitos em outubro 2000.
504 ## - NOTA DE BIBLIOGRAFIA, ETC.
Nota de bibliografia Inclui bibliografia.
650 ## - ASSUNTO TÓPICO
Cabeçalho tópico ou nome geográfico Representação política
Subdivisão cronológica Século XXI
Subdivisão geográfica Mato Grosso
650 ## - ASSUNTO TÓPICO
Cabeçalho tópico ou nome geográfico Políticos mato-grossense
Subdivisão geral Fotos
Subdivisão cronológica Século XXI
700 1# - ENTRADA SECUNDÁRIA -- NOME PESSOAL
Nome pessoal Feitosa, Nilson
Cód. do termo explicativo org.
700 1# - ENTRADA SECUNDÁRIA -- NOME PESSOAL
Nome pessoal Palácius, Miguel
Termo de relação fotógrafo
942 ## - ELEMENTOS DE ENTRADA ADICIONAIS (KOHA)
Fonte de classificação ou esquema de arquivamento Classificação Decimal Universal
Tipo de item do Koha Livros
Holdings
Estado: removido Estado: perdido Fonte de classificação ou esquema de arquivamento Estado: danificado Indisponível para empréstimo Localização permanente Localização atual Data de aquisição Total Checkouts Número de Chamada completo Código de barras Date last seen Número do exemplar Preço efetivo a partir de Tipo de item (Koha)
    Classificação Decimal Universal     Biblioteca da Escola Superior de Contas do TCE/MT Biblioteca da Escola Superior de Contas do TCE/MT 05/12/2023   328(817.2) M433 BIBTCEMT23120171 05/12/2023 Ex. 1 05/12/2023 Livros
    Classificação Decimal Universal     Biblioteca da Escola Superior de Contas do TCE/MT Biblioteca da Escola Superior de Contas do TCE/MT 26/03/2024   328(817.2) M433 BIBTCEMT24030028 26/03/2024 Ex. 2 26/03/2024 Livros
    Classificação Decimal Universal     Biblioteca da Escola Superior de Contas do TCE/MT Biblioteca da Escola Superior de Contas do TCE/MT 26/03/2024   328(817.2) M433 BIBTCEMT24030029 26/03/2024 Ex. 3 26/03/2024 Livros
    Classificação Decimal Universal     Biblioteca da Escola Superior de Contas do TCE/MT Biblioteca da Escola Superior de Contas do TCE/MT 26/03/2024   328(817.2) M433 BIBTCEMT24030030 26/03/2024 Ex. 4 26/03/2024 Livros
    Classificação Decimal Universal     Biblioteca da Escola Superior de Contas do TCE/MT Biblioteca da Escola Superior de Contas do TCE/MT 26/03/2024   328(817.2) M433 BIBTCEMT24030031 26/03/2024 Ex. 5 26/03/2024 Livros

Powered by Koha